ბათუმის შოთა რუსთაველის სახელმწიფო უნივერსიტეტის ბიბლიოთეკა

დურდანში არის საფლავი (ბიბ.ჩანაწერი № 43616)

000 -LEADER
fixed length control field 00703nam a2200217Ia 4500
001 - CONTROL NUMBER
control field 10351
003 - CONTROL NUMBER IDENTIFIER
control field GE_BSU
008 - FIXED-LENGTH DATA ELEMENTS--GENERAL INFORMATION
fixed length control field 181216s||||||||xx |||||||||||||| ||und||
040 ## - CATALOGING SOURCE
Transcribing agency GE_BSU
100 ## - MAIN ENTRY--PERSONAL NAME
Personal name უგულავა,ირაკლი
245 ## - TITLE STATEMENT
Title დურდანში არის საფლავი
245 ## - TITLE STATEMENT
Remainder of title რომანი
245 ## - TITLE STATEMENT
Statement of responsibility, etc. რედ.მ.სანადირაძე. მხატვ.რ.მახარაძე
260 ## - PUBLICATION, DISTRIBUTION, ETC.
Place of publication, distribution, etc. თბილისი
260 ## - PUBLICATION, DISTRIBUTION, ETC.
Name of publisher, distributor, etc. მერანი
260 ## - PUBLICATION, DISTRIBUTION, ETC.
Date of publication, distribution, etc. 1986
300 ## - PHYSICAL DESCRIPTION
Extent 193გვ.20სმ.
653 ## - INDEX TERM--UNCONTROLLED
Uncontrolled term დურდანში არის საფლავი
653 ## - INDEX TERM--UNCONTROLLED
Uncontrolled term რომანი
942 ## - ADDED ENTRY ELEMENTS (KOHA)
Koha item type წიგნი
ეგზემპლარები
Withdrawn status Lost status Damaged status Not for loan Date acquired Barcode Date last seen Price effective from Koha item type
        2018-12-17 33988 2018-12-17 2018-12-17 წიგნი
        2018-12-17 33989 2018-12-17 2018-12-17 წიგნი